000 00580cam a22002053a 4500
001 45642
003 PGUSA
005 20140828084045.0
008 140514s2014||||xxu|||||s|||||000 | eng d
040 _aPGUSA
_beng
042 _adc
100 1 _aMorris, Joseph E.
_q(Joseph Ernest)
245 1 4 _aThe Lake of Lucerne
_h[electronic resource] /
_cJoseph E. Morris
260 _bProject Gutenberg,
_c2014
506 _aPublic domain in the USA.
516 _aElectronic text
830 0 _aProject Gutenberg
_v45642
856 4 0 _uhttp://www.gutenberg.org/ebooks/45642
942 _cEB
999 _c274892
_d274892